Library Banner

Muslim woman in world religions perspective/ (Record no. 96217)

MARC details
000 -LEADER
fixed length control field 00423nam a22001577a 4500
005 - DATE AND TIME OF LATEST TRANSACTION
control field 20170802104902.0
008 - FIXED-LENGTH DATA ELEMENTS--GENERAL INFORMATION
fixed length control field 170802b xxu||||| |||| 00| 0 eng d
020 ## - INTERNATIONAL STANDARD BOOK NUMBER
International Standard Book Number 9694040200
040 ## - CATALOGING SOURCE
Transcribing agency PK-LaUMT
082 ## - DEWEY DECIMAL CLASSIFICATION NUMBER
Classification number ZIAC 297.08
Item number ARI-M
100 ## - MAIN ENTRY--PERSONAL NAME
Personal name Arifa Farid
245 ## - TITLE STATEMENT
Title Muslim woman in world religions perspective/
Statement of responsibility, etc Arifa Farid
260 ## - PUBLICATION, DISTRIBUTION, ETC. (IMPRINT)
Place of publication, distribution, etc Karachi:
Name of publisher, distributor, etc Bureau of composition,
Date of publication, distribution, etc 1994
300 ## - PHYSICAL DESCRIPTION
Extent 148 p.
942 ## - ADDED ENTRY ELEMENTS (KOHA)
Koha item type Books
Holdings
Withdrawn status Lost status Damaged status Home library Current library Date acquired Full call number Barcode Date last seen Price effective from Koha item type
      UMT Main Campus UMT Main Campus 2017-08-02 ZIAC 297.08 ARI-M 111799 2017-08-02 2017-08-02 Books